000 00426nam a2200169Ia 4500
005 20250507130022.0
008 008 250505s9999 xx 000 0 eng d
037 _aBound Volumes
040 _aEASL
_beng
_cEASL
041 _aeng
_2eng
084 _qEASL
245 2 _aA R S Orientalia
260 _aUSA
_bMichighan University of Michighan
_c0000
490 _v1
942 _cCR
999 _c1316454
_d1316454